مكتبة جامعة عجلون الوطنية

فهرس بحث المكتبة

الكفاءة الذاتية وعلاقتها بالتحصيل الاكاديمي لدى طلبة صعوبات التعلم من وجهة نظر معلميهم = Self-Efficacy and its Relationship to Academic Achievement of Students with Learning Disabilities from the Point of View of their Teachers / (Record no. 33447)

MARC details
000 -LEADER
fixed length control field 01082nam a22001937a 4500
003 - CONTROL NUMBER IDENTIFIER
control field JO-AjAnu
005 - DATE AND TIME OF LATEST TRANSACTION
control field 20240430092005.0
008 - FIXED-LENGTH DATA ELEMENTS--GENERAL INFORMATION
fixed length control field 240408b jo ||||| |||| 00| 0 ara d
040 ## - CATALOGING SOURCE
Original cataloging agency JO-AjAnu
Transcribing agency ANU
Language of cataloging ara
041 ## - LANGUAGE CODE
Language code of text/sound track or separate title ara
100 ## - MAIN ENTRY--PERSONAL NAME
Personal name القضاة، آلاء عبد الكريم عودة
Relator term معد
9 (RLIN) 65349
245 #0 - TITLE STATEMENT
Title الكفاءة الذاتية وعلاقتها بالتحصيل الاكاديمي لدى طلبة صعوبات التعلم من وجهة نظر معلميهم = Self-Efficacy and its Relationship to Academic Achievement of Students with Learning Disabilities from the Point of View of their Teachers /
Statement of responsibility, etc. اعداد آلاء عبدالكريم عودة القضاة ؛ اشراف فيصل عيسى النواصرة
260 ## - PUBLICATION, DISTRIBUTION, ETC.
Date of publication, distribution, etc. 2023
300 ## - PHYSICAL DESCRIPTION
Extent 89 ورقة
500 ## - GENERAL NOTE
General note رسالة جامعية (ماجستير) تخصص التربية الخاصة / جامعة عجلون الوطنية، 2023
650 7# - SUBJECT ADDED ENTRY--TOPICAL TERM
Form subdivision صعوبات التعلم-التحصيل الاكاديمي
700 #0 - ADDED ENTRY--PERSONAL NAME
Personal name فيصل النواصرة
Relator term مشرف
9 (RLIN) 65115
942 ## - ADDED ENTRY ELEMENTS (KOHA)
Source of classification or shelving scheme Library of Congress Classification
Koha item type Thesis
Suppress in OPAC No
Holdings
Withdrawn status Lost status Source of classification or shelving scheme Damaged status Not for loan Home library Current library Date acquired Total Checkouts Full call number Barcode Date last seen Price effective from Koha item type
    Library of Congress Classification     مكتبة جامعة عجلون الوطنية مكتبة جامعة عجلون الوطنية 08/04/2024   LC4704.2023 A29311 08/04/2024 08/04/2024 Thesis
    Library of Congress Classification     مكتبة جامعة عجلون الوطنية مكتبة جامعة عجلون الوطنية 08/04/2024   LC4704.2023 A29312 08/04/2024 08/04/2024 Thesis